000 00408cam a2200157ua 4500
003 OSt
008 250506b |||||||| |||| 00| 0 eng d
041 _aeng
082 _a624.17
_bBRO/ST
100 _aBrooks, W H .
_97471
245 _aStrength and elasticity of materials and theory of structures, vol-1 /
250 _a3 /
260 _aLondon :
_bMcDonald ,
_c1962.
300 _a217 ; .
942 _cBK
999 _c8808
_d8808